| 000 | 00575nam a22002057a 4500 | ||
|---|---|---|---|
| 003 | OSt | ||
| 005 | 20140310182805.0 | ||
| 008 | 130214t xxu||||| |||| 00| 0 eng d | ||
| 020 | _a9789710186013 | ||
| 050 |
_aSD 411 _b.In39 2010 |
||
| 082 |
_aM 333.7516 _bI39 2010 |
||
| 245 | _aSustaining & enhancing forests through traditional resource management | ||
| 260 |
_aBaguio City _bTebtebba Foundation _cc2010 |
||
| 300 |
_axiv, 187 p. : ill. _c23 cm. |
||
| 521 | _acollege students | ||
| 526 | _c1210L-1700L | ||
| 541 | _j1 | ||
| 562 | _e1 | ||
| 942 |
_2lcc _cBK _kM |
||
| 999 |
_c16067 _d16067 |
||